000 00364 a2200145 4500
001 170887
020 _a
040 _cMagnum
100 _aSilva, Maria Alda Loya Soares, Et Al.
240 1 0 _aSerenity e outras historias do palacio velho
_lpor
245 1 0 _aSerenity e outras historias do palacio velho
362 0 _a1899
697 _aIJ/CONTOS
942 _cBK
999 _c170887
_d170887